000
00285nam a22001217a 4500
008
171106b xxu||||| |||| 00| 0 eng d
041
_a
eng
080
_2
17TH
_a
330.722.6
100
_a
61
101
_a
KON
245
_a
FUNDAMENTAL ACCOUNTING PRINCIPLES
_c
LARSON,K.D
942
_2
udc
_c
BK
999
_c
37768
_d
37768